000 01049cab a2200265 4500
001 ABS53124
008 090401t1995 xxu||||| |||| 00| 0 eng d
035 _a(Sirsi) u2256
041 _aeng
100 _aLawson, D.
245 _aSetting a benchmark for partnerships
260 _c1995
350 _a0
490 _aProperty Week
_v51(10) 8 June 1995, 14-15(2)
520 _aResults of Benchmark, a RICS/Centre for Interfirm Comparison (CIFC) survey into the profitability and performance of private partnerships. Reveals large variations between sizes and types of practice. NOTE: Results are confidential and only available to contributors. CIFC can be contacted on 01962 844144. RICS library does not hold a copy of survey.
650 _aBENCHMARKING
650 _aCENTRE FOR INTERFIRM COMPARISON
650 _aABOUT RICS-RICS MEMBERS
650 _aPARTNERSHIPS
650 _aPRIVATE PRACTICE
650 _aSURVEYING FIRMS
690 _aMANAGEMENT-BUSINESS MANAGEMENT-PROFESSIONAL PRACTICE
942 _n0
948 _c04/03/1997
999 _c1364
_d1364